Click A Movie, Initially - Movies Based On TV Shows II Quiz Stats

 Plays Quiz Updated Dec 20, 2017

Score 0/20 Timer 05:00
10 Plays Today
% Correct
The Flintstones
89%
Baywatch
86.1%
The Dukes Of Hazzard
84.5%
The Lone Ranger
83.7%
Sex and the City
82.8%
CHiPs
77.3%
The Beverly Hillbillies
76.9%
Power Rangers
72.6%
Speed Racer
66.1%
The Last Airbender
65.5%
% Correct
Veronica Mars
65.2%
Dark Shadows
62.3%
The A-Team
61.8%
Dragnet
59.7%
The Wild Thornberrys Movie
57.4%
My Favorite Martian
53.4%
The Avengers
51%
Sgt. Bilko
40.2%
I Spy
40.2%
In the Loop
39.3%

You're not logged in!

Compare scores with friends on all Sporcle quizzes.
OR
Log In

You Might Also Like...

Show Comments

Extras

Top Quizzes Today


Score Distribution

Your Account Isn't Verified!

In order to create a playlist on Sporcle, you need to verify the email address you used during registration. Go to your Sporcle Settings to finish the process.

Report this User

Report this user for behavior that violates our Community Guidelines.

Details: